Statistics for Jujutsu Kaisen Characters

Click here to take the quiz!

General Stats

  • This quiz has been taken 864 times
    (661 since last reset)
  • The average score is 28 of 62

Answer Stats

HintAnswer% Correct
The Strongest Sorcerer
Special Grade Jujutsu Sorcerer
Head of the Tokyo Jujutsu High Team
Gojo Satoru
100%
Main Character
Member of the Tokyo Jujutsu High Team
1st Year
Itadori Yuji
96%
Member of theTokyo Jujutsu High Team
User of the 10 Shadows
1st Year
Fushiguro Megumi
95%
King of Curses
Inhabits the former and the latter
Ryomen Sukuna
94%
Best friend of the former
Special Grade Jujutsu Sorcerer
Curse User
Geto Suguru
93%
Father of the former
No Cursed Energy
Fushiguro Toji
89%
No Cursed Energy
Member of the Tokyo Jujutsu High Team
2nd Year
Grade 4 Jujutsu Sorcerer
Zenin Maki
89%
Member of the Tokyo Jujutsu High Team
1st Year
Kugisaki Nobara
78%
Created by the former
Member of the Tokyo Jujutsu High Team
2nd Year
Semi-Grade 2 Jujutsu Sorcerer
Panda
76%
Sister of the former
Member of the Kyoto Jujutsu High Team
Grade 3 Jujutsu Sorcerer
Zenin Mai
76%
Member of the Tokyo Jujutsu High Team
2nd Year
Special Grade Jujutsu Sorcerer
Okkotsu Yuta
75%
Member of the Kyoto Jujutsu High Team
3rd Year
Self-Proclaimed Brother of the Main Character
Grade 1 Jujutsu Sorcerer
Todo Aoi
75%
Grade 1 Jujutsu Sorcerer
Former Salaryman
Nanami Kento
74%
Special Grade CurseJogo
70%
Special Grade CurseMahito
69%
Member of the Tokyo Jujutsu High Team
2nd Year
Semi-Grade 1 Jujutsu Sorcerer
Inumaki Toge
66%
Special Grade Curse
Self-Proclaimed Brother of the Main Character
Choso
64%
Grade 1 Jujutsu Sorcerer
Likes Money
Mei Mei
63%
Curse User
Inhabited the elder Kamo Noritoshi
Inhabited Itadori Kaori
Inhabited Geto Suguru
Kenjaku
60%
Culling Game PlayerKurusu Hana
58%
Member of the Kyoto Jujutsu High Team
2nd Year
Semi-Grade 1 Jujutsu Sorcerer
Muta Kokichi
55%
Special Grade CurseHanami
54%
Special Grade Curse
Queen of Curses
Orimoto Rika
53%
Member of the Tokyo Jujutsu High Team
3rd Year
Hakari Kinji
51%
Member of the Tokyo Jujutsu High Faculty
Sister of the former
Nitta Akari
50%
Member of the Tokyo Jujutsu High Faculty
Doctor
Ieiri Shoko
48%
Brother of the formerUi Ui
47%
Member of the Kyoto Jujutsu High Team
2nd Year
Miwa Kasumi
45%
Divine General
Shikigami of the 10 Shadows Technique
Mahoraga
44%
Special Grade Jujutsu Sorcerer
Non Affiliated to Jujutsu High
Tsukumo Yuki
44%
Head of the Kyoto Jujutsu High Team
Semi-Grade 1 Jujutsu Sorcerer
Utahime Iori
44%
Creator of the Barrier at Tokyo Jujutsu HighTengen
43%
Special Grade CurseDagon
41%
Principal of Tokyo Jujutsu High
Creator of the latter
Grade 1 Jujutsu Sorcerer
Masamichi Yaga
41%
Uncle of the former
Head of the Clan
Grade 1 Jujutsu Sorcerer
Zenin Naobito
41%
Member of the Kyoto Jujutsu High Team
3rd Year
Semi-Grade 1 Jujutsu Sorcerer
Kamo Noritoshi
39%
Son of the former
Grade 1 Jujutsu Sorcerer
Zenin Naoya
39%
Culling Game Player
God of Lightning
Kashimo Hajime
38%
Curse User
Part of the former's group
Loyal to the King of Curses
Uraume
32%
Necessary for the life of the formerAmanai Riko
31%
Member of the Kyoto Jujutsu High Team
3rd Year
Nishimiya Momo
31%
Fushiguro Megumi's SisterFushiguro Tsumiki
29%
Culling Game Player
Defense Attorney
Higuruma Hiromi
27%
Friend of the Main CharacterYoshino Junpei
26%
Curse User
Part of Geto Suguru's Group
Miguel
25%
Best Friend of the formerHaibara Yu
24%
Culling Game Player
Comedian
Takaba Fumihiko
24%
Principal of Kyoto Jujutsu HighGakuganji Yoshinobu
23%
Grade 2 Jujutsu SorcererIno Takuma
22%
Curse
Brother of the two former
Eso
19%
Culling Game Player
Occupant of Fushiguro Tsumiki's Body
Yorozu
19%
Member of the Tokyo Jujutsu High FacultyKusakabe Atsuya
18%
Member of the Tokyo Jujutsu High Team
3rd Year
Hoshi Kirara
17%
Curse
Brother of the former
Kechizu
17%
Father of the two former
Grade 1 Jujutsu Sorcerer
Zenin Ogi
17%
Curse User
Part of Geto Suguru's Group
Sister of the latter
Hasaba Mimiko
16%
Curse User
Part of Geto Suguru's Group
Sister of the former
Hasaba Nanako
15%
Member of the Tokyo Jujutsu High FacultyKiyotaka Ichiji
11%
Member of the Kyoto Jujutsu High Team
1st Year
Brother of the latter
Nitta Arata
8%
Maid and Bodyguard of the formerKuroi Misato
7%
Curse User
Part of Kenjaku's Group
Shigemo Haruta
7%
Curse User
Part of Kenjaku's Group
Kumiya Juzo
4%

Score Distribution

Percentile by Number Answered

Percent of People with Each Score

Your Score History

You have not taken this quiz since the last reset